Responses for show #5767 - Tuesday, October 13, 2009

Terry Linwood game 4.

Contestants

[<< previous game]

Abra Belke, a legislative aide from Butte, Montana

David Garcia, a waiter from Greenville, South Carolina

Terry Linwood, a bookseller from Plano, Texas (whose 3-day cash winnings total $83,303)

[next game >>]

Jeopardy! Round responses

THE AFTERLIFE
NAME THAT MOVIE
A PRINCELY CATEGORY
MUSEUMS BY CITY
WATER TASTE-OFF
ANIMAL TALK
    $200 10
purgatory

Terry
    $200 1
On the Waterfront

Terry
    $200 8
Prince Charming

Abra
    $200 5
Athens

David
    $200 18
(David: What is Old Faithful?)

Crystal Geyser

DavidAbra
    $200 19
a hornet's nest

David
    $400 15
Mormonism

Triple Stumper
    $400 2
Gone with the Wind

Terry
    $400 9
Prince Edward Island

Terry
    $400 6
Amsterdam

Terry
    $400 27
Fiji

Abra
    $400 20
a cattle call

Terry
    $600 16
the Koran

Terry
    $600 3
My Fair Lady

Terry
    $600 11
crown prince

Triple Stumper
    $600 13
(Terry: What is Venice?)

Florence

TerryAbra
    $600 28
Evian

Abra
    $600 22
a charley horse

Terry
    $800 17
the Elysian Fields

David
    $800 4
Mutiny on the Bounty

David
    $800 12
The Little Prince

David
    $800 25
Istanbul

Abra
    $800 29
Dasani

Abra
    $800 23
a loan shark

Abra
    $1000 21
Kabbalah

Abra
    $1000 7
Rain Man

Terry
    $1000 14
prince consort

Terry
    $1000 26
(Alex: In Norway, right.)

Oslo

David
    $1000 30
[Applause for Abra's run of the category or end of the round]

Aquafina

Abra
    $1,200 24
a wormhole

Abra

Scores at the first commercial break (after clue 15):

Terry David Abra
$3,600 $1,800 $800

Scores at the end of the Jeopardy! Round:

Terry David Abra
$5,200 $3,600 $7,600

Double Jeopardy! Round responses

DENTIST-SPEAK
SPORTS FOR DUMMIES
(Alex: You have to name the product. We'll give you the...)
COMMERCIAL JINGLE LYRICS
ERNEST HEMINGWAY
THE OLD MAN
THE "SEA"
    $400 16
(Terry: What is snoring?)

grinding your teeth

TerryAbra
    $400 26
Golf

Abra
    $400 2
(Alex: "Is [*] in your cup", yes.)

Folgers

Terry
    $400 21
the Pulitzer

David
    $400 7
the Revolutionary War

Abra
    $400 1
seaweed

Terry
    $3,600 17
(Abra: What is... the filament?)

the pulp

Abra
    $800 27
(Florence Griffith) Joyner

Abra
    $800 3
Kit Kat bar

David
    $800 22
the Spanish Civil War

David
    $800 8
Carnegie Hall

Terry
    $800 12
(Abra: What is Boston?)

Seattle

DavidAbra
    $1200 20
eruption

Abra
    $1200 28
Soccer

Triple Stumper
    $1200 4
FreeCreditReport.com

Abra
    $1200 23
Kansas City

Terry
    $4,200 9
(Terry: This is for my friend Chris Kuntze. I'm gonna bet $4,200.)

George III

Terry
    $1200 13
the Seabees

Terry
    $1600 19
cusps

Triple Stumper
    $1600 29
Joe Morgan

Triple Stumper
    $1600 5
Juicy Fruit

Terry
    $1600 24
(Abra: Who is Oscar Wilde?)
...
(Alex: With less than a minute to go.)

James Joyce

DavidAbra
    $1600 10
Satchel Paige

Terry
    $1600 14
seahorses

Abra
    $2000 18
(David: What is a preventative?)

a prophylaxis

David
Triple Stumper
    $2000 30
a breakaway

Triple Stumper
    $2000 6
Old Spice

Triple Stumper
    $2000 25
Idaho

Terry
    $2000 11
Ramses II (or Ramses the Great)

Terry
    $2000 15
The Seagull

David

Scores at the end of the Double Jeopardy! Round:

Terry David Abra
$20,200 $8,000 $7,600
(lock game)

[wagering suggestions for these scores]

Final Jeopardy! Round responses

AFRICAN GEOGRAPHY
AbraWhat Guinea
$4,400
DavidWhat is Gambia?
$7,500
TerryWhat is Lesotho
$4,199
Mali (in Somalia)

Final scores:

Terry David Abra
$16,001 $500 $3,200
4-day champion: $99,304 3rd place: $1,000 2nd place: $2,000

Game dynamics:

Coryat scores:

Terry David Abra
$17,200 $8,000 $11,000
21 R
(including 1 DD),
2 W
12 R,
2 W
18 R
(including 1 DD),
3 W
(including 1 DD)

Combined Coryat: $36,200

The J! Archive is created by fans, for fans. The Jeopardy! game show and all elements thereof, including but not limited to copyright and trademark thereto, are the property of Jeopardy Productions, Inc. and are protected under law. This website is not affiliated with, sponsored by, or operated by Jeopardy Productions, Inc. Join the discussion at JBoard.tv.